[Event "46th Capablanca Memorial Open B"]
[Site "Havana CUB"]
[Date "2011.05.13"]
[Round "3.1"]
[White "Lorente Pupo, Ramon Miguel"]
[Black "Aguilera Rodriguez, Alfredo R."]
[Result "1/2-1/2"]
[WhiteTitle "FM"]
[BlackTitle "FM"]
[WhiteElo "2286"]
[BlackElo "2242"]
[WhiteFideId "3508200"]
[BlackFideId "3512991"]
[EventDate "2011.05.11"]

1. Nf3 Nf6 2. c4 g6 3. Nc3 d5 4. Qa4+ c6 5. cxd5 Nxd5 6. Nxd5 Qxd5 7. e4 Qd8 8.
d4 Bg7 9. Be3 Nd7 10. Rd1 O-O 11. Be2 Nf6 12. Bd3 Bg4 13. O-O Qc8 14. Rc1 Bxf3
15. gxf3 Qh3 16. Be2 Rfd8 17. Rfd1 Rd7 18. b4 Nh5 19. b5 cxb5 20. Qxb5 Rad8 21.
Qg5 Bxd4 22. Bxd4 Rxd4 23. Rxd4 Rxd4 24. Qxe7 Qd7 25. Qe5 Rd6 26. f4 Nf6 27. f5
Kg7 28. Bf3 Rd3 29. Rc7 Qd8 30. Kg2 Rd7 31. Rc4 Re7 32. Qf4 Qe8 33. Rc5 b6 34.
Rc7 Rxc7 35. Qxc7 Nxe4 36. Qxa7 b5 37. Qd4+ Nf6 38. fxg6 hxg6 1/2-1/2

[Event "46th Capablanca Memorial Open B"]
[Site "Havana CUB"]
[Date "2011.05.13"]
[Round "3.2"]
[White "Gutierrez Delgado, Yusuan Alfred"]
[Black "Gongora Reyes, Liuber"]
[Result "0-1"]
[WhiteTitle "FM"]
[BlackTitle "FM"]
[WhiteElo "2242"]
[BlackElo "2277"]
[WhiteFideId "3508005"]
[BlackFideId "3503984"]
[EventDate "2011.05.11"]

1. d4 Nf6 2. Nf3 e6 3. c4 b6 4. g3 Ba6 5. Qc2 Bb7 6. Bg2 c5 7. d5 exd5 8. cxd5
Nxd5 9. O-O Be7 10. Rd1 O-O 11. Qe4 f5 12. Qc4 b5 13. Qxb5 Nb6 14. Nc3 Na6 15.
Ne5 Bxg2 16. Kxg2 Nc7 17. Qb3+ d5 18. Nc6 Qd6 19. Nxe7+ Qxe7 20. Bf4 Rad8 21.
Bxc7 Qxc7 22. Nxd5 Qc6 23. e4 Kh8 24. Nf4 c4 25. Rxd8 Rxd8 26. Rd1 Re8 27. Qb4
Qxe4+ 28. Kg1 Kg8 29. h4 Qe7 30. Qb5 Qe5 31. Qc6 Rc8 32. Qb7 Qxb2 33. Rd7 Re8
34. Nh5 Qa1+ 35. Kg2 Nxd7 36. Qxd7 Qe5 37. Nxg7 Re7 0-1

[Event "46th Capablanca Memorial Open B"]
[Site "Havana CUB"]
[Date "2011.05.13"]
[Round "3.3"]
[White "Oliva Castaneda, Kevel"]
[Black "Gomez Torres, Richard Daniel"]
[Result "1-0"]
[WhiteElo "2265"]
[BlackElo "2151"]
[WhiteFideId "3500799"]
[BlackFideId "3518396"]
[EventDate "2011.05.11"]

1. e4 c5 2. Nf3 d6 3. d4 cxd4 4. Nxd4 Nf6 5. Nc3 a6 6. Bc4 e6 7. Bb3 Be7 8. g4
Qa5 9. Qe2 b5 10. a3 O-O 11. g5 Nfd7 12. Bd2 b4 13. Na4 Bxg5 14. Bxb4 Qc7 15.
Rg1 Bh6 16. Bc3 Ne5 17. Nf3 Nbc6 18. Ng5 Qe7 19. h4 f6 20. Nh3 Rb8 21. f4 Ng6
22. Qf2 f5 23. h5 Nh8 24. Bxg7 Bxg7 25. h6 Ng6 26. hxg7 Kxg7 27. exf5 Rxf5 28.
O-O-O Bd7 29. Nb6 Kh8 30. Nxd7 Qxd7 31. Ng5 Rxf4 32. Qe3 d5 33. Rh1 Kg8 34. Rxh7
Qd6 35. Qh3 Re8 36. Qh6 1-0

[Event "46th Capablanca Memorial Open B"]
[Site "Havana CUB"]
[Date "2011.05.13"]
[Round "3.4"]
[White "Macias Velazquez, Marlies"]
[Black "Perez Perez, Osniel"]
[Result "1/2-1/2"]
[BlackTitle "FM"]
[WhiteElo "2214"]
[BlackElo "2263"]
[WhiteFideId "3507793"]
[BlackFideId "3503461"]
[EventDate "2011.05.11"]

1. e4 e6 2. d4 d5 3. Nd2 dxe4 4. Nxe4 Bd7 5. Nf3 Bc6 6. Bd3 Nd7 7. Qe2 Ngf6 8.
O-O Be7 9. c4 O-O 10. b3 Nxe4 11. Bxe4 Bxe4 12. Qxe4 c6 13. Bb2 Bf6 14. Rfd1 Qa5
15. Rd3 Nc5 16. dxc5 Bxb2 17. b4 Qc7 18. Ng5 g6 19. Rad1 Rad8 20. Rd6 Bf6 21.
Qh4 h5 22. Qg3 Be7 23. Ne4 a5 24. a3 axb4 25. axb4 Kg7 26. Qe5+ f6 27. Qxe6 Bxd6
28. cxd6 Qf7 29. Qxf7+ Kxf7 30. c5 Ke6 31. f3 Ra8 32. Nd2 Ra4 33. Re1+ Kd5 34.
d7 Raa8 35. Re7 f5 36. Nb3 Kc4 37. Na5+ Rxa5 38. bxa5 Rd8 39. Rg7 Kxc5 40. Rxg6
Rxd7 41. Rg5 Rd5 42. Rg7 Kd4 43. Rxb7 Rxa5 44. Rc7 c5 45. Kf2 c4 46. Rd7+ Rd5
47. Rxd5+ Kxd5 48. Ke3 f4+ 49. Kd2 Kd4 50. g3 c3+ 51. Kc2 Ke3 52. gxf4 Kxf4 53.
Kxc3 Kxf3 54. Kd2 Kf2 55. h4 1/2-1/2

[Event "46th Capablanca Memorial Open B"]
[Site "Havana CUB"]
[Date "2011.05.13"]
[Round "3.6"]
[White "Ajete Alberdi, Jose Serafin"]
[Black "Nunez Asencio, Jorge"]
[Result "0-1"]
[WhiteElo "2008"]
[BlackElo "2248"]
[WhiteFideId "3505731"]
[BlackFideId "3510905"]
[EventDate "2011.05.11"]

1. Nc3 c5 2. Nf3 Nc6 3. Ne4 e6 4. c4 d5 5. Ng3 Nf6 6. e3 Be7 7. d4 O-O 8. Bd3
dxc4 9. Bxc4 cxd4 10. exd4 b5 11. Bd3 Nb4 12. Bb1 Bb7 13. a3 Nbd5 14. O-O Rc8
15. Qd3 a6 16. Bd2 Qd6 17. Ne5 Rfd8 18. Ne2 g6 19. Qh3 Bf8 20. Bg5 Bg7 21. Bd3
Re8 22. Rfd1 Nd7 23. Ng4 Qf8 24. f4 f5 25. Ne5 Qd6 26. Qg3 Nf8 27. Qf2 Rc7 28.
Nc1 h6 29. Bh4 Nxf4 30. Qxf4 g5 31. Bxg5 hxg5 32. Qe3 f4 33. Qf2 Bxe5 34. dxe5
Qxe5 35. Nb3 Rec8 36. Rd2 Bd5 37. Re1 Qf6 38. Nd4 Rc1 39. Nf3 g4 40. Ne5 0-1

[Event "46th Capablanca Memorial Open B"]
[Site "Havana CUB"]
[Date "2011.05.13"]
[Round "3.8"]
[White "Gonzalez, Harold"]
[Black "Fonte Sanchez, Paula"]
[Result "1-0"]
[WhiteTitle "FM"]
[WhiteElo "2250"]
[BlackElo "2012"]
[WhiteFideId "3506061"]
[BlackFideId "3509729"]
[EventDate "2011.05.11"]

1. c4 e6 2. Nc3 d5 3. d4 Nf6 4. Bg5 Be7 5. e3 Nbd7 6. Nf3 a6 7. cxd5 exd5 8. Bd3
c6 9. O-O O-O 10. Qc2 h6 11. Bh4 Re8 12. Rab1 Ne4 13. Bxe7 Qxe7 14. b4 Nd6 15.
Rfe1 Nf6 16. Ne5 Nfe4 17. f3 Nxc3 18. Qxc3 f6 19. Ng6 Qd8 20. Rbd1 Bf5 21. Bxf5
Nxf5 22. e4 dxe4 23. fxe4 Ne7 24. Nf4 Qd7 25. Qb3+ Kh8 26. Qf7 Kh7 27. Nh5 1-0

[Event "46th Capablanca Memorial Open B"]
[Site "Havana CUB"]
[Date "2011.05.13"]
[Round "3.10"]
[White "Salgado Segui, Roberto"]
[Black "Munos, Rolando"]
[Result "1-0"]
[WhiteElo "2243"]
[BlackElo "2108"]
[WhiteFideId "3511782"]
[BlackFideId "3505405"]
[EventDate "2011.05.11"]

1. e4 c6 2. d4 d5 3. exd5 cxd5 4. c4 Nf6 5. Nc3 Nc6 6. Bf4 Bg4 7. f3 Be6 8. c5
g6 9. Bb5 Bg7 10. Nge2 O-O 11. Bxc6 bxc6 12. b4 Nh5 13. Be3 Qb8 14. Rb1 a6 15.
O-O f5 16. Qd2 Bf7 17. Bh6 Bxh6 18. Qxh6 e5 19. dxe5 Qxe5 20. Qd2 Qc7 21. Nd4
Rfe8 22. Rfe1 Ng7 23. a4 Rxe1+ 24. Rxe1 a5 25. bxa5 Qxa5 26. Nxc6 Qxc5+ 27. Nd4
Ne6 28. Rd1 Be8 29. Qe3 Bd7 30. Rd3 Nc7 31. Nxf5 Qxe3+ 32. Nxe3 Bxa4 33. Nexd5
Nxd5 34. Rxd5 Kg7 35. Rc5 Ra7 36. Kf2 Bb3 37. Kg3 Rd7 38. h4 Bf7 39. Kf4 h6 40.
g4 Rb7 41. Ne4 Ra7 42. Rc1 Rd7 43. g5 Ra7 44. Rd1 Rc7 45. Rd6 Ra7 46. Rf6 hxg5+
47. hxg5 Bd5 48. Nd6 Rd7 49. Ne8+ 1-0

[Event "46th Capablanca Memorial Open B"]
[Site "Havana CUB"]
[Date "2011.05.13"]
[Round "3.11"]
[White "De Quesada Pena, Alexei"]
[Black "Chacon Beltran, Jose Antonio"]
[Result "1-0"]
[WhiteElo "2234"]
[BlackElo "2085"]
[WhiteFideId "3508730"]
[BlackFideId "3501990"]
[EventDate "2011.05.11"]

1. e4 c5 2. Nf3 d6 3. c3 Nf6 4. Bd3 g6 5. Bc2 Bg7 6. d4 cxd4 7. cxd4 O-O 8. Nc3
Bg4 9. Be3 Nc6 10. O-O Nd7 11. Kh1 Rc8 12. Rc1 a6 13. Qd2 Bxf3 14. gxf3 e5 15.
dxe5 Ndxe5 16. Qe2 Qh4 17. Rg1 Nb4 18. Bb1 Qh5 19. Rg3 Nc4 20. a3 Nxe3 21. axb4
Nc4 22. Nd5 Nb6 23. Ne7+ Kh8 24. Nxc8 Nxc8 25. Qe3 Ne7 26. f4 Nc6 27. Rg5 Qh6
28. b5 axb5 29. Rxb5 Bd4 30. Qg3 f5 31. Rxb7 Bc5 32. b4 1-0

[Event "46th Capablanca Memorial Open B"]
[Site "Havana CUB"]
[Date "2011.05.13"]
[Round "3.12"]
[White "Cruz de la Osa, Reyder"]
[Black "Chacon Pavon, Joel"]
[Result "1-0"]
[WhiteElo "2226"]
[BlackElo "2049"]
[WhiteFideId "3508935"]
[BlackFideId "3504964"]
[EventDate "2011.05.11"]

1. e4 e5 2. Bc4 Nf6 3. d3 c6 4. Nf3 d5 5. Bb3 a5 6. a3 a4 7. Ba2 Bd6 8. Nc3 O-O
9. Bg5 dxe4 10. dxe4 Qe7 11. Nh4 h6 12. Ng6 Qd8 13. Bxf6 Qxf6 14. Nxf8 Bxf8 15.
O-O b6 16. Qe2 Ba6 17. Bc4 b5 18. Bd3 1-0

[Event "46th Capablanca Memorial Open B"]
[Site "Havana CUB"]
[Date "2011.05.13"]
[Round "3.13"]
[White "Gomez Arnau, Reinerio"]
[Black "Cabrera Ladron de Guevara, Maira"]
[Result "1-0"]
[WhiteElo "2209"]
[BlackElo "2022"]
[WhiteFideId "3506223"]
[BlackFideId "3510670"]
[EventDate "2011.05.11"]

1. f4 Nf6 2. Nf3 d6 3. b3 g6 4. Bb2 Bg7 5. e3 c5 6. Bb5+ Bd7 7. Bxd7+ Qxd7 8.
O-O O-O 9. Qe1 Nc6 10. d3 a5 11. a4 Nb4 12. Na3 h6 13. Qh4 Qf5 14. Rae1 Qh5 15.
Bxf6 Bxf6 16. Qxh5 gxh5 17. e4 Bc3 18. Re2 Bh8 19. g3 Kh7 20. Nc4 Nc6 21. Kg2
Nd4 22. Nxd4 Bxd4 23. f5 Ra6 24. e5 d5 25. Na3 f6 26. e6 Rg8 27. Nb5 Be5 28.
Rxe5 fxe5 29. Re1 Rc6 30. Rxe5 d4 31. Kf3 Rd8 32. Na3 Kg7 33. Nc4 Kf6 34. Kf4
Rg8 35. h3 b6 36. Rd5 Rg5 37. Nd2 Rg8 38. Rd7 Re8 39. Ne4+ Kg7 40. f6+ Kf8 41.
f7 Rec8 42. Kf5 R6c7 43. Rd5 Kg7 44. Nd2 Rb8 45. Nc4 b5 46. axb5 Rcb7 47. b6 Rc8
48. Nxa5 Rxb6 49. Nc4 Rb7 50. Ne5 Ra7 51. Ng6 Ra1 52. f8=Q+ Rxf8+ 53. Nxf8 Kxf8
54. Kg6 1-0

[Event "46th Capablanca Memorial Open B"]
[Site "Havana CUB"]
[Date "2011.05.13"]
[Round "3.14"]
[White "Pacey, Kevin"]
[Black "Granda Rodriguez, Jose Manuel"]
[Result "1-0"]
[WhiteElo "2169"]
[BlackElo "1971"]
[WhiteFideId "2600455"]
[BlackFideId "3502155"]
[EventDate "2011.05.11"]

1. e4 e5 2. Nf3 Nc6 3. Bc4 Nf6 4. d4 exd4 5. e5 d5 6. Bb5 Ne4 7. Nxd4 Bd7 8.
Bxc6 bxc6 9. O-O Bc5 10. Be3 O-O 11. Nd2 Nxd2 12. Qxd2 Bb6 13. Nb3 f6 14. exf6
Qxf6 15. Nc5 Bf5 16. Bd4 Qg6 17. Qc3 Rf7 18. Rae1 Raf8 19. Re3 h5 20. Rg3 Qh6
21. Qe3 Qxe3 22. Rxe3 Bxc2 23. Ne6 Re8 24. Rc1 Rfe7 25. Bxb6 Rxe6 26. Bxa7 Be4
27. f3 Bf5 28. Rxe6 Rxe6 29. Kf2 Bd3 30. Re1 Rxe1 31. Kxe1 Bb1 32. a4 Bd3 33. g3
Kf7 34. Kd2 Bf1 35. Ke3 Ke6 36. h4 Bc4 37. a5 g6 38. g4 Bf1 39. Bc5 Ba6 40. Kf4
hxg4 41. fxg4 Kf6 42. Bd4+ Kf7 43. h5 gxh5 44. gxh5 Kg8 45. Kf5 Kh7 46. Be3 Bc8+
47. Kf6 Ba6 48. Ke7 Be2 49. Kd8 1-0

[Event "46th Capablanca Memorial Open B"]
[Site "Havana CUB"]
[Date "2011.05.13"]
[Round "3.15"]
[White "Perez Torres, Youset"]
[Black "Fernandez Guillen, Ernesto J."]
[Result "1/2-1/2"]
[WhiteElo "2013"]
[BlackElo "2149"]
[WhiteFideId "3506215"]
[BlackFideId "3512428"]
[EventDate "2011.05.11"]

1. e4 e5 2. Nf3 Nc6 3. Bb5 Nge7 4. Nc3 g6 5. d4 exd4 6. Nxd4 Bg7 7. Be3 O-O 8.
Qd2 a6 9. Be2 d6 10. h4 b5 11. a3 Ne5 12. h5 c5 13. Nf3 Ng4 14. Bf4 d5 15. Nxd5
Nxd5 16. Qxd5 Qxd5 17. exd5 Bxb2 18. Ra2 Bc3+ 19. Bd2 Bxd2+ 20. Nxd2 Nf6 21. c4
bxc4 22. Bxc4 Bb7 23. hxg6 hxg6 24. Nb3 Nxd5 25. Nxc5 Rac8 26. Nxb7 Rxc4 1/2-1/2

[Event "46th Capablanca Memorial Open B"]
[Site "Havana CUB"]
[Date "2011.05.13"]
[Round "3.16"]
[White "Salazar Loor, Sara"]
[Black "Rey Rodriguez, Yosvani"]
[Result "1-0"]
[WhiteElo "2002"]
[BlackElo "2143"]
[WhiteFideId "3604292"]
[BlackFideId "3514749"]
[EventDate "2011.05.11"]

1. e4 c5 2. Nf3 Nc6 3. d4 cxd4 4. Nxd4 Nf6 5. Nc3 e5 6. Ndb5 d6 7. Bg5 a6 8. Na3
b5 9. Nd5 Be7 10. Bxf6 Bxf6 11. c3 O-O 12. Nc2 Bg5 13. Nce3 Bxe3 14. Nxe3 Kh8
15. a4 b4 16. Nc4 bxc3 17. bxc3 f5 18. Qxd6 Qxd6 19. Nxd6 fxe4 20. Nxe4 Bf5 21.
Ng3 Bg6 22. Be2 Na5 23. O-O Rf6 24. h4 h6 25. h5 Bh7 26. Ra3 Rd8 27. Re1 Bd3 28.
Bxd3 Rxd3 29. Rxe5 Rd1+ 30. Kh2 Nc6 31. Re8+ Kh7 32. f3 Nd8 33. Rb3 Nf7 34. Rbb8
g6 35. Ne4 Rf5 36. hxg6+ Kxg6 37. Rb6+ 1-0

[Event "46th Capablanca Memorial Open B"]
[Site "Havana CUB"]
[Date "2011.05.13"]
[Round "3.17"]
[White "Ramos Pineiro, Alexis"]
[Black "Reyes Betancourt,  Ahmed"]
[Result "1/2-1/2"]
[WhiteTitle "FM"]
[WhiteElo "2280"]
[BlackElo "2128"]
[WhiteFideId "3503135"]
[BlackFideId "3509168"]
[EventDate "2011.05.11"]

1. e4 e5 2. Nf3 Nc6 3. Bc4 Nf6 4. Ng5 d5 5. exd5 Na5 6. Bb5+ c6 7. dxc6 bxc6 8.
Bd3 Ng4 9. Ne4 f5 10. Be2 fxe4 11. Bxg4 Qh4 12. h3 Bc5 13. g3 Qf6 14. Qe2 O-O
15. Rf1 Be6 16. b3 Bd4 17. Nc3 Bd5 18. Ba3 Rf7 19. O-O-O Rb8 20. Nxe4 Qd8 21. d3
Rfb7 22. Bb2 Bxb2+ 23. Kxb2 Nxb3 24. axb3 Bxb3 25. Ra1 Qd4+ 26. c3 Bd1+ 27. Kc1
Bxe2 28. cxd4 Bxf1 29. Nc5 Rb2 30. Be6+ Kh8 31. Nd7 R8b7 32. Nc5 Rb8 33. Nd7
R8b7 1/2-1/2

[Event "46th Capablanca Memorial Open B"]
[Site "Havana CUB"]
[Date "2011.05.13"]
[Round "3.18"]
[White "De La Torre Morales, Julio D."]
[Black "Diaz Perez, Michel Alejandro"]
[Result "0-1"]
[WhiteElo "2119"]
[BlackElo "2240"]
[WhiteFideId "3506517"]
[BlackFideId "3517179"]
[EventDate "2011.05.11"]

1. c4 e5 2. Nc3 Nf6 3. Nf3 Nc6 4. a3 d6 5. g3 Be7 6. Bg2 O-O 7. O-O Be6 8. d3 h6
9. b4 a6 10. Bd2 Qd7 11. b5 axb5 12. Nxb5 d5 13. Qc1 dxc4 14. dxc4 e4 15. Ne1
Ra4 16. Bf4 Rxc4 17. Qb1 Nd4 18. Nxd4 Qxd4 19. Nc2 Qb6 20. Ne3 Ra4 21. Rc1 Nd5
22. Nxd5 Bxd5 23. Rxc7 Qxb1+ 24. Rxb1 Bxa3 25. Ra1 Rfa8 26. Bh3 Bb2 27. Rc8+ Kh7
28. Rxa8 Rxa1+ 29. Rxa1 Bxa1 30. Bd7 Kg6 31. Bd2 Bc4 32. Kf1 Bd4 33. Bc8 b5 0-1

[Event "46th Capablanca Memorial Open B"]
[Site "Havana CUB"]
[Date "2011.05.13"]
[Round "3.19"]
[White "Fernandez Rodriguez, Angel Luis"]
[Black "Zayas Sosa, Alfredo"]
[Result "1/2-1/2"]
[WhiteElo "2116"]
[BlackElo "2217"]
[WhiteFideId "3503453"]
[BlackFideId "3511820"]
[EventDate "2011.05.11"]

1. d4 Nf6 2. c4 c5 3. d5 e5 4. Nc3 d6 5. e4 Be7 6. Bd3 Nbd7 7. Nge2 O-O 8. Ng3
Ne8 9. O-O Bg5 10. Bxg5 Qxg5 11. Qc1 Qf6 12. a3 g6 13. b4 Qh4 14. Nce2 Nef6 15.
h3 Kg7 16. f4 b6 17. Qc3 Nh5 18. Nxh5+ Qxh5 19. Ng3 Qh4 20. Bc2 Kg8 21. f5 Nf6
22. Qe3 g5 23. Bd1 Kh8 24. Re1 Rg8 25. Qf2 g4 26. hxg4 Nxg4 27. Bxg4 Rxg4 28.
Re3 Bd7 29. Rc1 Rag8 30. Rcc3 f6 31. Qe1 Be8 32. Kf2 Bh5 33. Kg1 Qg5 34. Kf2 Be8
35. Ke2 h5 36. Qh1 h4 37. Kf1 Rg7 38. Ne2 Kg8 39. g3 Bh5 40. bxc5 bxc5 41. Kf2
Be8 42. Rb3 Rh7 43. Kg2 Kf8 1/2-1/2

[Event "46th Capablanca Memorial Open B"]
[Site "Havana CUB"]
[Date "2011.05.13"]
[Round "3.20"]
[White "Borges Del Pino, Oliver"]
[Black "Marquez Torres, Oscar Luis"]
[Result "1-0"]
[WhiteElo "2209"]
[BlackElo "2110"]
[WhiteFideId "3505022"]
[BlackFideId "3512819"]
[EventDate "2011.05.11"]

1. d4 Nf6 2. Nf3 c5 3. g3 e6 4. Bg2 Be7 5. c4 O-O 6. Nc3 d6 7. e4 a6 8. O-O cxd4
9. Nxd4 Qc7 10. Qe2 Nbd7 11. Be3 Rb8 12. Rac1 b6 13. f4 Rd8 14. e5 dxe5 15. Nc6
Bd6 16. Nxd8 Qxd8 17. fxe5 Bxe5 18. Ne4 Nxe4 19. Bxe4 Nf6 20. Rfd1 Qc7 21. Qd3
Kf8 22. Bg2 Bxb2 23. Rd2 Be5 24. Rb1 h6 25. c5 Nd7 26. c6 Nc5 27. Qd8+ Qxd8 28.
Rxd8+ Ke7 29. Rbd1 Bc7 30. Bxc5+ bxc5 31. R1d7+ Bxd7 32. Rxd7+ Kf6 33. Rxc7 c4
34. Rb7 c3 35. Be4 Rc8 36. Rb4 Ke5 37. Rc4 1-0

[Event "46th Capablanca Memorial Open B"]
[Site "Havana CUB"]
[Date "2011.05.13"]
[Round "3.22"]
[White "Vazquez Matos, Adolfo Antonio"]
[Black "Ibanez Milian, Dagoberto"]
[Result "1/2-1/2"]
[BlackTitle "FM"]
[WhiteElo "2092"]
[BlackElo "2205"]
[WhiteFideId "3516245"]
[BlackFideId "3500675"]
[EventDate "2011.05.11"]

1. d4 Nf6 2. c4 c5 3. d5 e6 4. Nc3 exd5 5. cxd5 d6 6. Nf3 g6 7. Bf4 a6 8. h3 Bg7
9. e3 b5 10. a4 b4 11. Nb1 Bb7 12. Bc4 Qe7 13. O-O O-O 14. Qb3 Nbd7 15. a5 Rfe8
16. Nbd2 Nh5 17. Bh2 f5 18. Rfe1 Kh8 19. Bf4 Bf6 20. Bh2 Ne5 21. Bxe5 Bxe5 22.
Nxe5 Qxe5 23. Nf3 Qf6 24. h4 h6 25. g3 Qf7 26. Rad1 Nf6 27. Qd3 Re4 28. Rf1 Ng4
29. b3 Qf6 30. Qb1 Kg7 31. Qa1 Ne5 32. Nxe5 Rxe5 33. Rd3 Rae8 34. Re1 f4 35.
gxf4 Rh5 36. Qxf6+ Kxf6 37. Kg2 Rxh4 38. Kg3 g5 1/2-1/2

[Event "46th Capablanca Memorial Open B"]
[Site "Havana CUB"]
[Date "2011.05.13"]
[Round "3.23"]
[White "Montero Fernandez, Reynier"]
[Black "Gonzalez Ochoa, Yoana"]
[Result "1-0"]
[WhiteElo "2205"]
[BlackElo "2053"]
[WhiteFideId "3504573"]
[BlackFideId "3507629"]
[EventDate "2011.05.11"]

1. e4 e5 2. Nf3 Nc6 3. Bb5 a6 4. Ba4 Nf6 5. d3 b5 6. Bb3 Be7 7. O-O O-O 8. Bd5
Nxd5 9. exd5 Nd4 10. Nxe5 d6 11. Nf3 Bg4 12. Nbd2 Bg5 13. h3 Bh5 14. g4 Bxd2 15.
Nxd2 Bg6 16. c3 Bxd3 17. cxd4 Bxf1 18. Nxf1 f5 19. g5 Qe7 20. Qf3 Rae8 21. Bd2
Qe4 22. Qxe4 Rxe4 23. Rc1 Rf7 24. Bc3 f4 25. Nd2 Ree7 26. Nf3 Kf8 27. Kf1 Ke8
28. Ba5 Rf5 29. Bxc7 Rxd5 30. Ba5 Ra7 31. Ke2 Kd7 32. Kd3 g6 33. h4 Ke6 34. Ke4
Rf5 35. Rc8 Kd7 36. Rd8+ Ke7 37. Rh8 Rf7 38. d5 Rd7 39. Nd4 Rf8 40. Rxh7+ Ke8
41. Rh6 Rg8 42. Ne6 Rf7 43. Bc3 Kd7 44. Bf6 Rc8 45. Rxg6 Rc4+ 46. Kf3 Rh7 47.
Nf8+ 1-0

[Event "46th Capablanca Memorial Open B"]
[Site "Havana CUB"]
[Date "2011.05.13"]
[Round "3.24"]
[White "Hedman Senarega, Jose Antonio"]
[Black "Varela La Madrid, Tilsia Carolin"]
[Result "1/2-1/2"]
[WhiteTitle "FM"]
[WhiteElo "2204"]
[BlackElo "2044"]
[WhiteFideId "3500837"]
[BlackFideId "3903001"]
[EventDate "2011.05.11"]

1. d4 d5 2. Nf3 Nf6 3. Bf4 Bf5 4. e3 Nbd7 5. Nbd2 e6 6. h3 Bd6 7. Be2 O-O 8.
Bxd6 cxd6 9. O-O Rc8 10. c3 Ne4 11. Nxe4 dxe4 12. Nd2 Qg5 13. Bg4 d5 14. Bxf5
exf5 15. f4 Qe7 16. Qb3 Nb6 17. Rac1 Rc6 18. c4 dxc4 19. Qb5 Qe6 20. Rc2 Rfc8
21. Rfc1 g6 22. Kf2 a6 23. Qa5 Nd5 24. Rxc4 Rxc4 25. Rxc4 Rxc4 26. Nxc4 Nxf4 27.
Qd8+ Kg7 28. Nd6 Nd3+ 29. Kg1 h5 1/2-1/2

[Event "46th Capablanca Memorial Open B"]
[Site "Havana CUB"]
[Date "2011.05.13"]
[Round "3.25"]
[White "Leon Valdes, Jony Wilson"]
[Black "Hernandez, Zaida"]
[Result "1-0"]
[WhiteElo "2199"]
[BlackElo "2014"]
[WhiteFideId "3506177"]
[BlackFideId "3901041"]
[EventDate "2011.05.11"]

1. d4 d5 2. Nf3 c6 3. g3 Nf6 4. Bg2 Bf5 5. O-O e6 6. c4 Nbd7 7. b3 Be7 8. Bb2
O-O 9. Nbd2 Re8 10. Nh4 Ne4 11. Nxf5 exf5 12. e3 Ndf6 13. f3 Nxd2 14. Qxd2 Bf8
15. Rfe1 g6 16. Qd3 Re6 17. Bc3 Qe7 18. c5 Re8 19. Bd2 h5 20. Kf2 h4 21. Rg1 Bh6
22. Rae1 hxg3+ 23. hxg3 Ne4+ 24. fxe4 fxe4 25. Qc2 Rf6+ 26. Ke2 Qe6 27. Kd1 Qg4+
28. Kc1 Rf2 29. Qd1 Qxg3 30. Re2 Rxe2 31. Qxe2 Kg7 32. Qe1 Qxe1+ 33. Rxe1 f5 34.
Rf1 f4 35. exf4 e3 36. Be1 Rf8 37. Bg3 e2 38. Re1 g5 39. fxg5 Bxg5+ 40. Kc2 Bf4 1-0

[Event "46th Capablanca Memorial Open B"]
[Site "Havana CUB"]
[Date "2011.05.13"]
[Round "3.26"]
[White "Rama Gonzalez, Ricardo"]
[Black "Garcia Matos, Richard A."]
[Result "0-1"]
[WhiteElo "2076"]
[BlackElo "2196"]
[WhiteFideId "3504360"]
[BlackFideId "3511090"]
[EventDate "2011.05.11"]

1. e4 c5 2. Nf3 d6 3. d4 Nf6 4. Nc3 cxd4 5. Nxd4 a6 6. Be2 g6 7. f4 Nbd7 8. O-O
Bg7 9. Kh1 O-O 10. Be3 Re8 11. f5 b5 12. Qe1 Bb7 13. Qh4 b4 14. Nd5 Nxd5 15.
exd5 Bxd5 16. fxg6 hxg6 17. Qh3 Nf6 18. Rad1 Qd7 19. Qh4 Qb7 20. Nf3 Rac8 21.
Bd3 Nh7 22. Rf2 e5 23. Bxa6 Qxa6 24. Rxd5 Qxa2 25. Rxd6 Qxb2 26. Ng1 Nf8 27. Qe4
Re6 28. Rd1 Rec6 29. Qd5 R6c7 30. Rdf1 Rd7 31. Qb5 Rxc2 32. Rxc2 Qxc2 33. Qxb4
Rd1 34. Rxd1 Qxd1 35. Qe4 Ne6 36. h3 Nd4 37. Kh2 Nf5 38. Ba7 Qa1 39. Bb8 Qb2 40.
Bc7 Qc3 41. Bb8 Qg3+ 42. Kh1 Qb3 0-1

[Event "46th Capablanca Memorial Open B"]
[Site "Havana CUB"]
[Date "2011.05.13"]
[Round "3.27"]
[White "Gonzalez Gomez, Ronier"]
[Black "Fonte Sanchez, Claudia"]
[Result "1-0"]
[WhiteElo "2196"]
[BlackElo "2008"]
[WhiteFideId "3503763"]
[BlackFideId "3509710"]
[EventDate "2011.05.11"]

1. d4 d5 2. c4 e6 3. Nc3 Nf6 4. cxd5 exd5 5. Bg5 Be7 6. e3 c6 7. Qc2 Nbd7 8. Bd3
O-O 9. Nf3 Re8 10. O-O Ne4 11. Bxe4 Bxg5 12. Bxh7+ Kh8 13. Bf5 Nf8 14. Ne5 Qe7
15. f4 Bf6 16. Rf3 Bxf5 17. Qxf5 g6 18. Qh3+ Kg8 19. Raf1 Bg7 20. Ng4 f6 21. f5
g5 22. Ne2 Nd7 23. Ng3 Qf8 24. Nh5 Re7 25. Ng3 Qe8 26. Ne2 Bf8 27. Qg3 Rh7 28.
Nf4 Qf7 29. Ne6 Nb6 30. Qe1 Rh4 31. h3 Bd6 32. Qxh4 1-0

[Event "46th Capablanca Memorial Open B"]
[Site "Havana CUB"]
[Date "2011.05.13"]
[Round "3.29"]
[White "Marzo Arias, Valentin"]
[Black "Alarcon Vazquez, Lietis"]
[Result "1-0"]
[WhiteElo "2183"]
[BlackElo "2000"]
[WhiteFideId "3506916"]
[BlackFideId "3513300"]
[EventDate "2011.05.11"]

1. e4 c5 2. Nf3 d6 3. d4 cxd4 4. Nxd4 Nf6 5. Nc3 a6 6. Bc4 e6 7. Bb3 Be7 8. g4
h6 9. Rg1 Nc6 10. Be3 Qc7 11. h4 b5 12. g5 hxg5 13. hxg5 Ng8 14. g6 Nxd4 15.
gxf7+ Kxf7 16. Bxd4 Bf6 17. Qf3 Ke8 18. Bxf6 Nxf6 19. e5 Bb7 20. Qg3 dxe5 21.
O-O-O b4 22. Bxe6 Qe7 23. Nd5 Bxd5 24. Bxd5 Rc8 25. Qg6+ Kf8 26. Bb3 Rh6 27. Rh1
a5 28. Rxh6 gxh6 29. Rg1 1-0